| 000 | 00666cam a2200229 a 4500 | ||
|---|---|---|---|
| 001 | 000008499 | ||
| 005 | 20200929161341.0 | ||
| 008 | 921109s2000 mx 000 f spa d | ||
| 020 | _a9681906691 | ||
| 040 |
_aDO-SdBNP _bspa _cLC _dBNPHU |
||
| 082 |
_a863.64 _bM333h |
||
| 100 | 1 |
_aMarías, Javier, _d1951- _917831 |
|
| 245 | 1 | 3 |
_aEl hombre sentimental / _cJavier Marías ; epílogo de Juan Benet. |
| 260 |
_aMéxico : _bAlfaguara, _c2000. |
||
| 300 |
_a174 p. ; _c20 cm. |
||
| 650 | 4 |
_aNovela española _91123 |
|
| 650 | 4 |
_aLiteratura española _9632 |
|
| 700 | 1 |
_aBenet, Juan, _dpról. _922821 |
|
| 910 | _aCatalogación derivada | ||
| 910 | _aWM | ||
| 049 | _aBNGR | ||
| 999 |
_c8270 _d8270 |
||